[Event "Helsingor Spring op"]
[Site "Helsingor"]
[Date "2022.04.26"]
[Round "3"]
[White "Madsen, Dennis"]
[Black "Andersen, Claus"]
[Result "1/2-1/2"]
[WhiteElo "1526"]
[BlackElo "1880"]
[PlyCount "67"]
[EventDate "2022.04.26"]
[EventType "swiss"]
[EventRounds "3"]
[EventCountry "DEN"]
[SourceTitle "EXT 2024"]
[Source "ChessBase"]
[SourceDate "2023.10.10"]
[SourceVersion "1"]
[SourceVersionDate "2023.10.10"]
[SourceQuality "1"]

1. d4 Nf6 2. Nc3 d5 3. f3 c5 4. e4 dxe4 5. Bb5+ Bd7 6. dxc5 Qa5 7. Bxd7+ Nbxd7 8. Be3 e6 9. a3 exf3 10. b4 fxg2 11. Qf3 gxh1Q 12. Qxh1 Qa6 13. Nge2 Qc6 14. Qf1 a6 15. Nd4 Qc7 16. 0-0-0 0-0-0 17. c6 bxc6 18. Qxa6+ Qb7 19. Qxc6+ Qxc6 20. Nxc6 Re8 21. Nb5 Nd5 22. Nca7+ Kb7 23. c4 N5b6 24. c5 Bxc5 25. bxc5 Nxc5 26. Bxc5 Ra8 27. Bxb6 Kxb6 28. Rd6+ Kc5 29. Rc6+ Kd5 30. Rd6+ Ke5 31. Nc6+ Kf6 32. Nc3 Kf5 33. Ne7+ Ke5 34. Rd3 1/2-1/2

[Event "Helsingor CC-ch"]
[Site "Helsingor"]
[Date "2022.01.11"]
[Round "1"]
[White "Petersen, Jan"]
[Black "Madsen, Dennis"]
[Result "1-0"]
[WhiteElo "1653"]
[BlackElo "1577"]
[PlyCount "181"]
[EventDate "2022.01.11"]
[EventType "swiss"]
[EventRounds "7"]
[EventCountry "DEN"]
[SourceTitle "EXT 2024"]
[Source "ChessBase"]
[SourceDate "2023.10.10"]
[SourceVersion "1"]
[SourceVersionDate "2023.10.10"]
[SourceQuality "1"]

1. d4 g6 2. c4 Bg7 3. e4 d6 4. Nc3 Nc6 5. Nf3 Bg4 6. Be3 f5 7. h3 fxe4 8. hxg4 exf3 9. gxf3 e6 10. Bg2 Qd7 11. Qd2 Nf6 12. 0-0-0 e5 13. d5 Nd4 14. Bxd4 exd4 15. Qxd4 0-0 16. Qd3 Rf7 17. g5 Nh5 18. Bh3 Nf4 19. Bxd7 Nxd3+ 20. Rxd3 Rxd7 21. Re1 Be5 22. Ne4 Rf8 23. Rh1 Rdf7 24. Rh3 Rf4 25. b3 a6 26. Kd1 Kg7 27. Ke2 Rh8 28. Rd1 h6 29. c5 h5 30. cxd6 cxd6 31. Rc1 Rf7 32. Rh4 Re8 33. Ke3 Ref8 34. Nf6 Bxf6 35. gxf6+ Kh6 36. f4 Re8+ 37. Kf3 Rxf6 38. Rg1 Rf5 39. Rd1 g5 40. Rhh1 Rxf4+ 41. Kg2 Re2 42. Rhf1 h4 43. Rde1 Rfe4 44. Rxe2 Rxe2 45. a4 Rd2 46. Rc1 Rd3 47. Re1 Kh5 48. Re7 h3+ 49. Kh2 Rxb3 50. Rd7 Kg4 51. Rxd6 Rf3 52. Kg1 Rf4 53. Rb6 Rf3 54. Rxb7 h2+ 55. Kxh2 Rxf2+ 56. Kg1 Rd2 57. Rb6 Rxd5 58. Rxa6 Kg3 59. Kf1 g4 60. Rb6 Rf5+ 61. Kg1 Ra5 62. Rb3+ Kh4 63. Ra3 Rc5 64. a5 Rc1+ 65. Kg2 Rc2+ 66. Kg1 g3 67. a6 Kh3 68. Ra1 Rg2+ 69. Kh1 Rh2+ 70. Kg1 Rd2 71. a7 Rg2+ 72. Kh1 Rh2+ 73. Kg1 Rg2+ 74. Kf1 Rf2+ 75. Ke1 Kg2 76. a8Q+ Kg1 77. Qh8 Kg2 78. Qa8+ Kg1 79. Ra3 Rf1+ 80. Ke2 Rf2+ 81. Kd1 Rf1+ 82. Kc2 Rf2+ 83. Kd1 Rf1+ 84. Ke2 Rf2+ 85. Ke1 Rf1+ 86. Kd2 Rf2+ 87. Ke3 g2 88. Ra1+ Rf1 89. Ra2 Re1+ 90. Kf3 Rf1+ 91. Kg3 1-0

[Event "Helsingor Hamlet rapid op 1st"]
[Site "Helsingor"]
[Date "2021.11.09"]
[Round "3"]
[White "Johannessen, Lars Peter M"]
[Black "Madsen, Dennis"]
[Result "1-0"]
[WhiteElo "1653"]
[BlackElo "1587"]
[PlyCount "61"]
[EventDate "2021.11.09"]
[EventType "swiss (rapid)"]
[EventRounds "6"]
[EventCountry "DEN"]
[SourceTitle "EXT 2025"]
[Source "ChessBase"]
[SourceDate "2024.10.14"]
[SourceVersion "1"]
[SourceVersionDate "2024.10.14"]
[SourceQuality "1"]

1. e4 g6 2. d4 Bg7 3. Bc4 d6 4. Nf3 Nf6 5. Nc3 0-0 6. 0-0 Bg4 7. h3 Bxf3 8. Qxf3 Nc6 9. Ne2 e5 10. d5 Nd4 11. Nxd4 exd4 12. Bg5 h6 13. Bh4 g5 14. Bg3 Nd7 15. Qf5 Qe7 16. f4 Nf6 17. Bd3 Nh5 18. e5 Rfe8 19. Qh7+ Kf8 20. Bh2 Nxf4 21. Bxf4 gxf4 22. Rxf4 Qxe5 23. Raf1 Qe3+ 24. Kh1 Re7 25. R1f3 Qe1+ 26. Rf1 Qe5 27. Rf5 Qe3 28. Qg6 Kg8 29. Rxf7 Rxf7 30. Rxf7 Rf8 31. Qxg7# 1-0

[Event "Helsingor Xtracon op"]
[Site "Helsingor"]
[Date "2019.07.25"]
[Round "7"]
[White "Madison, Sigurd"]
[Black "Madsen, Dennis"]
[Result "1-0"]
[WhiteElo "1700"]
[BlackElo "1529"]
[PlyCount "99"]
[EventDate "2019.07.20"]
[EventType "swiss"]
[EventRounds "10"]
[EventCountry "DEN"]
[SourceTitle "CBM 191 Extra"]
[Source "ChessBase"]
[SourceDate "2019.09.30"]
[SourceVersion "1"]
[SourceVersionDate "2019.09.30"]
[SourceQuality "1"]

1. e4 d5 2. exd5 Nf6 3. d4 Nxd5 4. c4 Nf6 5. Be2 Nc6 6. Nf3 Bg4 7. Be3 e6 8. 0-0 Be7 9. Nc3 a6 10. Qb3 Rb8 11. Rad1 0-0 12. d5 Na5 13. Qa4 c6 14. d6 Bxd6 15. c5 b5 16. Qc2 Nd5 17. Nxd5 cxd5 18. cxd6 Rc8 19. Qd2 Nc4 20. Bxc4 Rxc4 21. b3 Rc8 22. Bf4 Bxf3 23. gxf3 Qf6 24. Qd4 Qg6+ 25. Bg3 h5 26. h4 Qf5 27. Kg2 f6 28. Rd2 g5 29. Re1 b4 30. Rde2 Rc3 31. Re3 Rxe3 32. Rxe3 Rf7 33. Qxb4 e5 34. hxg5 fxg5 35. Bxe5 g4 36. f4 h4 37. Qb8+ Rf8 38. Qc7 Qg6 39. Qe7 h3+ 40. Kg3 h2 41. Re1 Qd3+ 42. Kxg4 Qg6+ 43. Qg5 Kh7 44. Qxg6+ Kxg6 45. Rh1 Kf7 46. Rxh2 Ke6 47. Kf3 Kd7 48. Ke3 Rc8 49. Kd2 Rc5 50. Rh7+ 1-0

[Event "Helsingor Xtracon op"]
[Site "Helsingor"]
[Date "2019.07.21"]
[Round "2"]
[White "Madsen, Dennis"]
[Black "Masotti, Roberto"]
[Result "0-1"]
[WhiteElo "1529"]
[BlackElo "1814"]
[PlyCount "34"]
[EventDate "2019.07.20"]
[EventType "swiss"]
[EventRounds "10"]
[EventCountry "DEN"]
[SourceTitle "CBM 191 Extra"]
[Source "ChessBase"]
[SourceDate "2019.09.30"]
[SourceVersion "1"]
[SourceVersionDate "2019.09.30"]
[SourceQuality "1"]

1. d4 d5 2. e4 dxe4 3. Nc3 e5 4. d5 c6 5. Bc4 Nf6 6. Bg5 Bb4 7. Nge2 cxd5 8. Bb5+ Bd7 9. 0-0 Bxb5 10. Nxb5 Nbd7 11. a3 Bc5 12. Nec3 a6 13. b4 Be7 14. Nxd5 axb5 15. Nxe7 Qxe7 16. Qe2 Qe6 17. Qxb5 Qa6 0-1

[Event "Helsingor Xtracon op"]
[Site "Helsingor"]
[Date "2019.07.21"]
[Round "3"]
[White "Nielsen, Kai Gylling"]
[Black "Madsen, Dennis"]
[Result "1-0"]
[WhiteElo "1709"]
[BlackElo "1529"]
[PlyCount "55"]
[EventDate "2019.07.20"]
[EventType "swiss"]
[EventRounds "10"]
[EventCountry "DEN"]
[SourceTitle "CBM 191 Extra"]
[Source "ChessBase"]
[SourceDate "2019.09.30"]
[SourceVersion "1"]
[SourceVersionDate "2019.09.30"]
[SourceQuality "1"]

1. e4 d5 2. exd5 Nf6 3. Nf3 Bg4 4. Be2 Nxd5 5. d3 Nc6 6. 0-0 e6 7. c4 Nf6 8. Bg5 Qd6 9. Nc3 0-0-0 10. Qa4 a6 11. Bxf6 gxf6 12. c5 Qxc5 13. Qxg4 Bd6 14. Qh4 Rdg8 15. Ne4 Qc2 16. Nxd6+ cxd6 17. Rfe1 Qxb2 18. Bf1 Ne7 19. Qe4 Kd7 20. Reb1 d5 21. Qa4+ b5 22. Qxa6 Qc3 23. Rc1 Qb4 24. Rab1 Qf4 25. Qxb5+ Kd8 26. Qa5+ Ke8 27. Qa8+ Kd7 28. Rb7+ 1-0

[Event "Helsingor Xtracon op"]
[Site "Helsingor"]
[Date "2019.07.20"]
[Round "1"]
[White "Christiansen, Arne"]
[Black "Madsen, Dennis"]
[Result "1-0"]
[WhiteElo "2011"]
[BlackElo "1529"]
[PlyCount "59"]
[EventDate "2019.07.20"]
[EventType "swiss"]
[EventRounds "10"]
[EventCountry "DEN"]
[SourceTitle "CBM 191 Extra"]
[Source "ChessBase"]
[SourceDate "2019.09.30"]
[SourceVersion "1"]
[SourceVersionDate "2019.09.30"]
[SourceQuality "1"]

1. d4 g6 2. c4 Bg7 3. Nf3 d6 4. Nc3 Nh6 5. g3 0-0 6. Bg2 Nc6 7. 0-0 f5 8. d5 Na5 9. Qd3 b6 10. Bf4 Nf7 11. b4 Nb7 12. Rac1 a5 13. a3 axb4 14. axb4 Ne5 15. Qc2 Nxc4 16. Nb5 Na3 17. Qa2 Nxb5 18. Qxa8 Nc3 19. Rc2 Nxd5 20. Ng5 Nxb4 21. Rc4 e5 22. Bd2 Nc5 23. Rxb4 e4 24. h4 h6 25. Qa2+ Kh8 26. Nf7+ Rxf7 27. Qxf7 Be6 28. Qxg6 Qf8 29. Be3 Bd7 30. Bh3 1-0

[Event "HK-chT 1819 Series B"]
[Site "Denmark"]
[Date "2018.11.02"]
[Round "1"]
[White "Madsen, Dennis"]
[Black "Nielsen, Thomas"]
[Result "0-1"]
[WhiteElo "1577"]
[BlackElo "1943"]
[PlyCount "44"]
[EventDate "2018.11.02"]
[EventType "team-tourn"]
[EventRounds "7"]
[EventCountry "DEN"]
[SourceTitle "EXT 2025"]
[Source "ChessBase"]
[SourceDate "2024.10.14"]
[SourceVersion "1"]
[SourceVersionDate "2024.10.14"]
[SourceQuality "1"]
[WhiteTeam "Helsingor III"]
[BlackTeam "NSK"]
[WhiteTeamCountry "DEN"]
[BlackTeamCountry "DEN"]

1. d4 d5 2. e4 c6 3. Nc3 dxe4 4. f3 exf3 5. Nxf3 Bg4 6. Be3 Nf6 7. h3 Bh5 8. g4 Bg6 9. Bc4 e6 10. Ne5 Bd6 11. Nxg6 Bg3+ 12. Kd2 hxg6 13. Qf3 Bd6 14. Ne4 Nxe4+ 15. Qxe4 Qe7 16. Raf1 Nd7 17. Rxf7 Kxf7 18. Bxe6+ Ke8 19. Qxg6+ Kd8 20. g5 Re8 21. Re1 Qxe6 22. Qxg7 Bf4 0-1

[Event "Helsingor Xtracon op"]
[Site "Helsingor"]
[Date "2018.07.22"]
[Round "2"]
[White "Madsen, Dennis"]
[Black "Arndt, Uwe"]
[Result "0-1"]
[WhiteElo "1578"]
[BlackElo "1873"]
[PlyCount "52"]
[EventDate "2018.07.21"]
[EventType "swiss"]
[EventRounds "10"]
[EventCountry "DEN"]
[SourceTitle "CBM 185 Extra"]
[Source "ChessBase"]
[SourceDate "2018.07.29"]
[SourceVersion "1"]
[SourceVersionDate "2018.07.29"]
[SourceQuality "1"]

1. d4 Nf6 2. Nc3 d5 3. f3 Nc6 4. e4 dxe4 5. Bb5 Bd7 6. fxe4 e6 7. Nf3 a6 8. Ba4 b5 9. Bb3 b4 10. e5 bxc3 11. exf6 Bb4 12. 0-0 gxf6 13. d5 Ne7 14. dxe6 Bxe6 15. Bxe6 Qxd1 16. Bxf7+ Kxf7 17. Rxd1 Rad8 18. Rf1 Rd5 19. b3 Rg8 20. Be3 Nf5 21. Bf2 Rgd8 22. g4 Rg8 23. h3 h5 24. Nh4 Nd6 25. Rae1 hxg4 26. hxg4 Rxg4+ 0-1

[Event "Helsingor Xtracon op"]
[Site "Helsingor"]
[Date "2017.07.29"]
[Round "9"]
[White "Madsen, Dennis"]
[Black "Satre, Roger"]
[Result "0-1"]
[WhiteElo "1671"]
[BlackElo "1832"]
[PlyCount "48"]
[EventDate "2017.07.22"]
[EventType "swiss"]
[EventRounds "10"]
[EventCountry "DEN"]
[SourceTitle "CBM 179 Extra"]
[Source "ChessBase"]
[SourceDate "2017.08.23"]
[SourceVersion "1"]
[SourceVersionDate "2017.08.23"]
[SourceQuality "1"]

1. d4 d5 2. e4 dxe4 3. Nc3 Nf6 4. f3 exf3 5. Qxf3 Qxd4 6. Be3 Qe5 7. h3 c6 8. 0-0-0 Nbd7 9. Bc4 e6 10. Nge2 Nd5 11. Nxd5 cxd5 12. Bd3 Qf6 13. Qg3 Nc5 14. Bb5+ Bd7 15. Bxd7+ Kxd7 16. Nc3 Bd6 17. Qg4 Kc6 18. Rhf1 Qg6 19. Qd4 b6 20. Nxd5 Kb7 21. Nxb6 axb6 22. Qxd6 Rac8 23. b4 Nb3+ 24. Kb2 Qxc2+ 0-1

[Event "Helsingor Xtracon op"]
[Site "Helsingor"]
[Date "2017.07.27"]
[Round "7"]
[White "Madsen, Dennis"]
[Black "Svane, Freja"]
[Result "0-1"]
[WhiteElo "1671"]
[BlackElo "1451"]
[PlyCount "66"]
[EventDate "2017.07.22"]
[EventType "swiss"]
[EventRounds "10"]
[EventCountry "DEN"]
[SourceTitle "CBM 179 Extra"]
[Source "ChessBase"]
[SourceDate "2017.08.23"]
[SourceVersion "1"]
[SourceVersionDate "2017.08.23"]
[SourceQuality "1"]

1. d4 d5 2. e4 dxe4 3. Nc3 Nf6 4. f3 exf3 5. Qxf3 c6 6. Be3 Bg4 7. Qf2 e6 8. Bd3 Nbd7 9. Nf3 Bb4 10. 0-0 0-0 11. Bg5 Qa5 12. Qh4 Bf5 13. Bxf5 Qxf5 14. Ne5 Qxc2 15. Nxd7 Nxd7 16. Ne4 h6 17. Be3 Qe2 18. Rf3 f5 19. Ng3 Qxb2 20. Raf1 Bd2 21. Bxd2 Qxd2 22. Nh5 Nf6 23. Nxf6+ Rxf6 24. Rg3 Raf8 25. Rb3 R8f7 26. Rfb1 b6 27. h3 Rd7 28. d5 Qxd5 29. Rg3 Qd4+ 30. Qxd4 Rxd4 31. Ra3 Rf7 32. Re1 Rd6 33. Re5 g5 0-1

[Event "Helsingor Xtracon op"]
[Site "Helsingor"]
[Date "2017.07.25"]
[Round "5"]
[White "Madsen, Dennis"]
[Black "Aasen, Joakim"]
[Result "1-0"]
[WhiteElo "1671"]
[BlackElo "1386"]
[PlyCount "31"]
[EventDate "2017.07.22"]
[EventType "swiss"]
[EventRounds "10"]
[EventCountry "DEN"]
[SourceTitle "CBM 179 Extra"]
[Source "ChessBase"]
[SourceDate "2017.08.23"]
[SourceVersion "1"]
[SourceVersionDate "2017.08.23"]
[SourceQuality "1"]

1. d4 d5 2. e4 dxe4 3. Nc3 Nf6 4. f3 exf3 5. Nxf3 Bg4 6. h3 Bxf3 7. gxf3 e6 8. Bg5 Be7 9. Qd2 Nc6 10. 0-0-0 a6 11. h4 h6 12. Be3 0-0 13. Bxh6 gxh6 14. Rg1+ Kh8 15. Qxh6+ Nh7 16. Qg7# 1-0

[Event "Helsingor Xtracon op"]
[Site "Helsingor"]
[Date "2016.07.31"]
[Round "10"]
[White "Madsen, Dennis"]
[Black "Kvaloy, Ola"]
[Result "1-0"]
[WhiteElo "1665"]
[BlackElo "1408"]
[PlyCount "73"]
[EventDate "2016.07.23"]
[EventType "swiss"]
[EventRounds "10"]
[EventCountry "DEN"]
[SourceTitle "CBM 173 Extra"]
[Source "ChessBase"]
[SourceDate "2016.08.29"]
[SourceVersion "1"]
[SourceVersionDate "2016.08.29"]
[SourceQuality "1"]

1. d4 Nf6 2. Nc3 d5 3. e4 e6 4. e5 Nfd7 5. Nf3 c5 6. Ne2 cxd4 7. Nexd4 a6 8. Be2 Bc5 9. c3 0-0 10. 0-0 Qb6 11. Bd3 Nc6 12. Bxh7+ Kh8 13. Bc2 g6 14. Nxc6 bxc6 15. b4 Be7 16. Bh6 Re8 17. Qe2 a5 18. Be3 Qc7 19. Bd4 axb4 20. cxb4 Ra3 21. Qd2 Kg7 22. Bb3 Rh8 23. Rac1 Rh5 24. Rfe1 Ra8 25. Bd1 Ba6 26. g4 Rh3 27. Qf4 Rah8 28. Re3 Kg8 29. Ba4 Bc4 30. Bc5 Bxc5 31. Ng5 f6 32. Rxh3 Rxh3 33. Nxh3 fxe5 34. Qh6 Bxb4 35. Qxg6+ Kh8 36. Ng5 Nf8 37. Nf7+ 1-0

[Event "Helsingor Xtracon op"]
[Site "Helsingor"]
[Date "2016.07.29"]
[Round "8"]
[White "Madsen, Dennis"]
[Black "Janse, Circe"]
[Result "1-0"]
[WhiteElo "1665"]
[BlackElo "1427"]
[PlyCount "83"]
[EventDate "2016.07.23"]
[EventType "swiss"]
[EventRounds "10"]
[EventCountry "DEN"]
[SourceTitle "CBM 173 Extra"]
[Source "ChessBase"]
[SourceDate "2016.08.29"]
[SourceVersion "1"]
[SourceVersionDate "2016.08.29"]
[SourceQuality "1"]

1. d4 d5 2. e4 dxe4 3. Nc3 Nf6 4. f3 exf3 5. Nxf3 e6 6. Bc4 Bb4 7. 0-0 0-0 8. Ne2 Nc6 9. c3 Bd6 10. Bg5 h6 11. Bh4 Be7 12. Qe1 Ng4 13. Bxe7 Qxe7 14. Ng3 e5 15. h3 Nf6 16. Nh4 exd4 17. Ng6 Qxe1 18. Raxe1 Rd8 19. Ne7+ Kf8 20. Nxc6 bxc6 21. Ne4 Nd5 22. cxd4 Bb7 23. Nc5 Rab8 24. Ne6+ Kg8 25. Nxd8 Rxd8 26. a4 Nf6 27. Rd1 Nd5 28. Rde1 Nf6 29. Re7 Rxd4 30. Bxf7+ Kf8 31. Rxc7 Ba6 32. Rc1 Rxa4 33. R1xc6 Ra1+ 34. Kh2 Bb5 35. Rc5 Bd7 36. Bg6 Ra2 37. Rb7 Ra6 38. Rcc7 Rd6 39. Rxa7 Ke7 40. Bf5 g6 41. Bxd7 Nxd7 42. b4 1-0

[Event "Politiken Cup 37th"]
[Site "Helsingor"]
[Date "2015.07.29"]
[Round "6"]
[White "Madsen, Dennis"]
[Black "Jorgensen, Alexander Torp"]
[Result "1-0"]
[WhiteElo "1678"]
[BlackElo "1842"]
[PlyCount "41"]
[EventDate "2015.07.25"]
[EventType "swiss"]
[EventRounds "10"]
[EventCountry "DEN"]
[SourceTitle "CBM 167 Extra"]
[Source "ChessBase"]
[SourceDate "2015.09.14"]
[SourceVersion "1"]
[SourceVersionDate "2015.09.14"]
[SourceQuality "1"]

1. d4 Nf6 2. Nc3 d5 3. e4 dxe4 4. f3 exf3 5. Nxf3 Bg4 6. h3 Bxf3 7. Qxf3 c6 8. Be3 e6 9. Bc4 Be7 10. 0-0 0-0 11. Rae1 Nd5 12. Nxd5 exd5 13. Bd3 Bg5 14. Bxh7+ Kxh7 15. Qh5+ Bh6 16. Bxh6 g6 17. Qg5 f6 18. Qh4 Rh8 19. Rxf6 Kg8 20. Rxg6+ Kf7 21. Rg7+ 1-0

[Event "Politiken Cup 37th"]
[Site "Helsingor"]
[Date "2015.07.26"]
[Round "3"]
[White "Undheim, Bjarne"]
[Black "Madsen, Dennis"]
[Result "1-0"]
[WhiteElo "1899"]
[BlackElo "1678"]
[PlyCount "29"]
[EventDate "2015.07.25"]
[EventType "swiss"]
[EventRounds "10"]
[EventCountry "DEN"]
[SourceTitle "CBM 167 Extra"]
[Source "ChessBase"]
[SourceDate "2015.09.14"]
[SourceVersion "1"]
[SourceVersionDate "2015.09.14"]
[SourceQuality "1"]

1. e4 g6 2. d4 Bg7 3. Nf3 d6 4. Bc4 e6 5. Be3 Nh6 6. h3 0-0 7. Qd2 d5 8. Bxh6 dxc4 9. Bxg7 Kxg7 10. Qc3 b5 11. a4 c6 12. Na3 Ba6 13. d5+ Kg8 14. dxc6 Nxc6 15. axb5 1-0

[Event "DEN-ch Seniors"]
[Site "Helsingor"]
[Date "2013.03.29"]
[Round "3"]
[White "Madsen, Dennis"]
[Black "Jessen, Ernst J"]
[Result "1-0"]
[WhiteElo "1592"]
[BlackElo "1773"]
[PlyCount "59"]
[EventDate "2013.03.29"]
[EventType "swiss"]
[EventRounds "5"]
[EventCountry "DEN"]
[SourceTitle "EXT 2014"]
[Source "ChessBase"]
[SourceDate "2013.11.20"]
[SourceVersion "1"]
[SourceVersionDate "2013.11.20"]
[SourceQuality "1"]

1. d4 c6 2. Nc3 d5 3. e4 dxe4 4. f3 exf3 5. Nxf3 Nf6 6. Bc4 e6 7. 0-0 Be7 8. Qd3 Nbd7 9. Ng5 Nb6 10. Bb3 Nbd5 11. Nce4 Nxe4 12. Nxf7 Qc7 13. Nxh8 Ndf6 14. Bf4 Bd6 15. Bxd6 Qxd6 16. Nf7 Kxf7 17. Qxe4 Kg8 18. Qe5 Qxe5 19. dxe5 Nd5 20. c4 Ne3 21. Rf3 Nf5 22. Rd1 g5 23. Rd8+ Kg7 24. g4 Ne7 25. c5 Nd5 26. Bxd5 exd5 27. Rff8 Bxg4 28. Rxa8 Be6 29. Rf6 Bg4 30. Rxa7 1-0

[Event "Politiken Cup 32nd"]
[Site "Copenhagen"]
[Date "2010.08.08"]
[Round "10"]
[White "Madsen, Dennis"]
[Black "Christensen, Christoffer Ellegaa"]
[Result "0-1"]
[WhiteElo "1557"]
[BlackElo "1771"]
[PlyCount "44"]
[EventDate "2010.07.31"]
[EventType "swiss"]
[EventRounds "10"]
[EventCountry "DEN"]
[SourceTitle "CBM 137 Extra"]
[Source "ChessBase"]
[SourceDate "2010.09.01"]
[SourceVersion "1"]
[SourceVersionDate "2010.09.01"]
[SourceQuality "1"]

1. d4 d5 2. e4 e6 3. e5 c5 4. c3 Nc6 5. Nf3 Qb6 6. a4 cxd4 7. Nxd4 Nxe5 8. a5 Qd8 9. Qh5 Nc6 10. Bb5 Bd7 11. Be3 Nf6 12. Qh3 e5 13. Bxc6 bxc6 14. Qg3 exd4 15. Bxd4 g6 16. 0-0 Bg7 17. Re1+ Be6 18. Nd2 0-0 19. Ra4 Re8 20. Be5 Nh5 21. Qe3 Bxe5 22. Nf3 Bf6 0-1

[Event "Politiken Cup 32nd"]
[Site "Copenhagen"]
[Date "2010.08.07"]
[Round "9"]
[White "Marshall, Michael"]
[Black "Madsen, Dennis"]
[Result "1-0"]
[WhiteElo "1901"]
[BlackElo "1557"]
[PlyCount "85"]
[EventDate "2010.07.31"]
[EventType "swiss"]
[EventRounds "10"]
[EventCountry "DEN"]
[SourceTitle "CBM 137 Extra"]
[Source "ChessBase"]
[SourceDate "2010.09.01"]
[SourceVersion "1"]
[SourceVersionDate "2010.09.01"]
[SourceQuality "1"]

1. d4 g6 2. Nf3 Bg7 3. Nc3 d6 4. e4 Nh6 5. Be3 f5 6. Bc4 fxe4 7. Ng5 Rf8 8. Ne6 Bxe6 9. Bxe6 Nf5 10. Qd2 Nc6 11. Bxf5 Rxf5 12. Nxe4 Nxd4 13. c3 Nc6 14. Rd1 Ne5 15. Qe2 b6 16. f4 Nf7 17. g4 Ra5 18. b4 Ra3 19. Bc1 Bxc3+ 20. Kf2 Bxb4 21. Qb5+ Qd7 22. Qxb4 Rxa2+ 23. Kg3 c5 24. Qb3 Ra4 25. Ng5 c4 26. Qf3 Rc8 27. Qd5 e6 28. Nxe6 Ra5 29. Qe4 Ne5 30. fxe5 Qxe6 31. Rhf1 Rxe5 32. Qf4 Rc7 33. Qf8+ Kd7 34. Rf7+ Kc6 35. Qa8+ Kb5 36. Rxc7 h5 37. Qc6+ Ka6 38. Qb7+ Kb5 39. Qc6+ Ka6 40. h3 Re3+ 41. Bxe3 Qxe3+ 42. Qf3 h4+ 43. Kg2 1-0

[Event "Politiken Cup 32nd"]
[Site "Copenhagen"]
[Date "2010.08.01"]
[Round "3"]
[White "Larsen, Bror Johannes"]
[Black "Madsen, Dennis"]
[Result "1/2-1/2"]
[WhiteElo "1750"]
[BlackElo "1557"]
[PlyCount "113"]
[EventDate "2010.07.31"]
[EventType "swiss"]
[EventRounds "10"]
[EventCountry "DEN"]
[SourceTitle "CBM 137 Extra"]
[Source "ChessBase"]
[SourceDate "2010.09.01"]
[SourceVersion "1"]
[SourceVersionDate "2010.09.01"]
[SourceQuality "1"]

1. e4 d5 2. exd5 Nf6 3. Nc3 Nxd5 4. Nxd5 Qxd5 5. Nf3 Nc6 6. Be2 g5 7. 0-0 h5 8. c4 Qf5 9. Ne1 g4 10. d4 e5 11. Nc2 Be6 12. d5 0-0-0 13. Ne3 Qf6 14. Qe1 Bb4 15. Bd2 Bxd2 16. Qxd2 Bf5 17. Nxf5 Qxf5 18. Bd3 e4 19. Bc2 Ne5 20. Qe3 Nxc4 21. Qxa7 Nb6 22. Rfe1 Rhe8 23. Bb3 h4 24. a4 Rd6 25. a5 Nxd5 26. Qa8+ Kd7 27. Ba4+ c6 28. Qxb7+ Nc7 29. Rad1 Qc5 30. Rxd6+ Kxd6 31. Rd1+ Nd5 32. a6 e3 33. Qxf7 exf2+ 34. Qxf2 Qxf2+ 35. Kxf2 Ra8 36. Rc1 Rxa6 37. Rc4 Nf6 38. b3 c5 39. h3 Kd5 40. Rf4 Ke5 41. Rc4 gxh3 42. gxh3 Kd5 43. Rxh4 Ne4+ 44. Ke3 Re6 45. Bd7 Re5 46. Bc6+ Kxc6 47. Rxe4 Rh5 48. h4 Kd5 49. Rg4 Re5+ 50. Kd3 Re1 51. Kd2 Rb1 52. Kc2 Rh1 53. Kd3 Rh3+ 54. Kc2 Rh2+ 55. Kd3 Rh3+ 56. Kc2 Rh2+ 57. Kd3 1/2-1/2

[Event "Politiken Cup 32nd"]
[Site "Copenhagen"]
[Date "2010.07.31"]
[Round "1"]
[White "Preuss, Flemming"]
[Black "Madsen, Dennis"]
[Result "1-0"]
[WhiteElo "2039"]
[BlackElo "1557"]
[PlyCount "83"]
[EventDate "2010.07.31"]
[EventType "swiss"]
[EventRounds "10"]
[EventCountry "DEN"]
[SourceTitle "CBM 137 Extra"]
[Source "ChessBase"]
[SourceDate "2010.09.01"]
[SourceVersion "1"]
[SourceVersionDate "2010.09.01"]
[SourceQuality "1"]

1. e4 d5 2. exd5 Nf6 3. Bb5+ Bd7 4. Bc4 c6 5. dxc6 Nxc6 6. Nf3 e5 7. d3 Bc5 8. 0-0 0-0 9. Nbd2 Bg4 10. c3 Re8 11. b4 Bb6 12. a4 e4 13. dxe4 Nxe4 14. Qb3 Qf6 15. a5 Nxd2 16. Nxd2 Bc7 17. Bd5 Qg6 18. a6 b5 19. Nf3 Rad8 20. Be3 Bxf3 21. Bxf3 Ne5 22. Be2 Ng4 23. Bxg4 Qxg4 24. Rad1 Qh5 25. g3 Qf3 26. Rfe1 h5 27. Rxd8 Bxd8 28. Qd1 Qe4 29. Qxh5 Qc2 30. Qxb5 Re6 31. c4 Qc3 32. Rd1 Bb6 33. c5 Rxe3 34. fxe3 Qxe3+ 35. Kf1 Qf3+ 36. Ke1 Qh1+ 37. Kd2 Qxh2+ 38. Qe2 Qh6+ 39. Kc2 Qg6+ 40. Qd3 Qc6 41. Kb3 Bc7 42. Qd7 1-0

[Event "Politiken Cup 31st"]
[Site "Helsingor"]
[Date "2009.07.24"]
[Round "8"]
[White "Petersen, Nils"]
[Black "Madsen, Dennis"]
[Result "1-0"]
[WhiteElo "2060"]
[BlackElo "1579"]
[PlyCount "87"]
[EventDate "2009.07.18"]
[EventType "swiss"]
[EventRounds "10"]
[EventCountry "DEN"]
[SourceTitle "CBM 131 Extra"]
[Source "ChessBase"]
[SourceDate "2009.09.03"]
[SourceVersion "2"]
[SourceVersionDate "2009.09.16"]
[SourceQuality "1"]

1. c4 g6 2. Nc3 Bg7 3. d4 d6 4. e4 f5 5. f3 Nh6 6. Be3 0-0 7. Qd2 Nf7 8. 0-0-0 c6 9. h4 e5 10. d5 f4 11. Bf2 a5 12. g3 Bh6 13. gxf4 Bxf4 14. Be3 Nh6 15. Bxf4 Rxf4 16. h5 g5 17. Nce2 Rf7 18. dxc6 Nxc6 19. Qxd6 Qf6 20. Qxf6 Rxf6 21. Bh3 g4 22. fxg4 Nxg4 23. Bxg4 Bxg4 24. Rh2 Kf7 25. Rg2 Rg8 26. Rd2 Rf1+ 27. Kc2 Bxe2 28. Rxg8 Nb4+ 29. Kb3 Bxc4+ 30. Kxc4 Kxg8 31. Rg2+ Kf8 32. a3 Rc1+ 33. Kb5 Nd3 34. Kxa5 Rc6 35. Kb5 Rh6 36. Rg5 Kf7 37. b4 Re6 38. Ne2 Nf2 39. Rf5+ Rf6 40. Rxe5 Ng4 41. Rg5 Ne3 42. Rc5 Ke6 43. Nd4+ Kd6 44. e5+ 1-0

[Event "Politiken Cup 31st"]
[Site "Helsingor"]
[Date "2009.07.23"]
[Round "7"]
[White "Andersen, Harry"]
[Black "Madsen, Dennis"]
[Result "1-0"]
[WhiteElo "1901"]
[BlackElo "1579"]
[PlyCount "53"]
[EventDate "2009.07.18"]
[EventType "swiss"]
[EventRounds "10"]
[EventCountry "DEN"]
[SourceTitle "CBM 131 Extra"]
[Source "ChessBase"]
[SourceDate "2009.09.03"]
[SourceVersion "2"]
[SourceVersionDate "2009.09.16"]
[SourceQuality "1"]

1. e4 e5 2. f4 exf4 3. Nf3 d6 4. d4 h6 5. Bxf4 g5 6. Be3 Nc6 7. Bc4 Bg7 8. 0-0 Qe7 9. Nbd2 g4 10. Ne1 Bxd4 11. Bxd4 Nxd4 12. Rxf7 Qg5 13. Rxc7 Nf6 14. c3 Qe3+ 15. Kh1 Ne6 16. Rxc8+ Rxc8 17. Bxe6 Rc5 18. Nc2 Qg5 19. Nc4 Nxe4 20. Nxd6+ Nxd6 21. Qxd6 Qe7 22. Bd7+ Kd8 23. Qb8+ Kxd7 24. Rd1+ Kc6 25. Qxh8 Rh5 26. Qc8+ Kb5 27. Qxg4 1-0